| 000 | 00488pam a2200193 a 4500 | ||
|---|---|---|---|
| 020 | _a0849357926 | ||
| 040 | _cDLC | ||
| 082 | 0 | 0 | _a616 CRC 1983 A047 Or. |
| 245 | 0 | 0 | _aInflammatory cells and lung disease / |
| 260 |
_aBoca Raton, Fla. : _bCRC Press, _cc1983. |
||
| 300 |
_a108 p. : _bill. ; _c26 cm. |
||
| 650 | 0 | _aPneumonia. | |
| 650 | 0 | _aInflammation. | |
| 650 | 2 | _aLung diseases | |
| 650 | 2 | _aLung diseases | |
| 650 | 2 | _aInflammation | |
| 700 | 1 | _aLynn, William S. | |
| 942 | _cEK | ||
| 999 |
_c13462 _d13462 |
||